Statistics for Juventus Player 2020/2021

Click here to take the quiz!

General Stats

  • This quiz has been taken 44 times
  • The average score is 19 of 22

Answer Stats

#PositionPlayerNationalityDate of Birth (Age)% Correct
10Centre-ForwardDybalaArgentinian15 November 1993 (age 27 years)
100%
19Centre-BackBonucciItaly1 May 1987 (aged 33 years)
97%
77GoalkeeperBuffonItaly28 January 1978 (aged 43 years)
97%
3Centre-BackChielliniItaly14 August 1984 (aged 36 years)
97%
9Centre-ForwardMorataSpain23 October 1992 (aged 28 years)
97%
25Central MidfieldRabiotFranceApril 3, 1995 (age 25 years)
97%
7Centre-ForwardRonaldoPortuguese5 February 1985 (aged 36 years)
97%
12Right-BackAlex SandroBrazilian26 January 1991 (age 30 years)
94%
16Left-BackCuadradoColombian26 May 1988 (aged 32 years)
94%
4Centre-BackDe LigtDutch12 August 1999 (age 21 years)
94%
30Central MidfieldBentancurUruguayan25 June 1997 (age 23 years)
91%
28Centre-BackDemiralTurkeyMarch 5, 1998 (age 22 years)
91%
14Attacking MidfieldMckennieUnited States of America28 August 1998 (age 22 years)
91%
13Left-BackDaniloBrazilianJuly 15, 1991 (age 29 years)
88%
1GoalkeeperSzczesnyPolandApril 18, 1990 (age 30 years)
88%
5Central MidfieldArthurBrazilian12 August 1996 (age 24 years)
85%
22Attacking MidfieldChiesaItaly25 October 1997 (age 23 years)
82%
44Attacking MidfieldKulusevskiSwedenApril 25, 2000 (age 20 years)
82%
8Central MidfieldRamseyEngland26 December 1990 (age 30 years)
76%
33Central MidfieldBernardeschiItalyFebruary 16, 1994 (age 27 years)
74%
31GoalkeeperPinsoglioItalyMarch 16, 1990 (age 30 years)
74%
38Left-BackFrambottaItaly24 June 1999 (age 21 years)
6%

Score Distribution

Percentile by Number Answered

Percent of People with Each Score

Your Score History

You have not taken this quiz